MARC details
| 000 -CABECERA |
| campo de control de longitud fija |
02029nam a2200325 i 4500 |
| 001 - NÚMERO DE CONTROL |
| campo de control |
000014934 |
| 003 - IDENTIFICADOR DEL NÚMERO DE CONTROL |
| campo de control |
DO-SdBNP |
| 005 - FECHA Y HORA DE LA ÚLTIMA TRANSACCIÓN |
| campo de control |
20240509145547.0 |
| 007 - CAMPO FIJO DE DESCRIPCIÓN FÍSICA--INFORMACIÓN GENERAL |
| campo de control de longitud fija |
ta |
| 008 - DATOS DE LONGITUD FIJA--INFORMACIÓN GENERAL |
| campo de control de longitud fija |
100127s2006 dr c 001 0 spa d |
| 040 ## - FUENTE DE LA CATALOGACIÓN |
| Centro catalogador/agencia de origen |
DO-SdBNP |
| Lengua de catalogación |
spa |
| Centro/agencia transcriptor |
BNPHU |
| Normas de descripción |
rda |
| 049 ## - FONDOS LOCALES (OCLC) |
| Fondos de biblioteca |
BNPD |
| 082 #4 - NÚMERO DE LA CLASIFICACIÓN DECIMAL DEWEY |
| Número de clasificación |
922.27293 |
| Número de documento/Ítem |
N925s |
| Número de edición |
22 |
| 100 1# - ENTRADA PRINCIPAL--NOMBRE DE PERSONA |
| Nombre de persona |
Sáez , José Luis, |
| Fechas asociadas al nombre |
1937- |
| 9 (RLIN) |
620 |
| Término indicativo de función/relación |
autor |
| 245 13 - MENCIÓN DE TÍTULO |
| Título |
El doctor don Carlos Nouel / |
| Mención de responsabilidad, etc. |
José Luis Sáez. |
| 264 ## - PRODUCCIÓN, PUBLICACIÓN, DISTRIBUCIÓN, FABRICACIÓN Y COPYRIGHT |
| Producción, publicación, distribución, fabricación y copyright |
Santo Domingo : |
| Nombre del de productor, editor, distribuidor, fabricante |
Amigo del Hogar, |
| Fecha de producción, publicación, distribución, fabricación o copyright |
2006. |
| 300 ## - DESCRIPCIÓN FÍSICA |
| Extensión |
282 páginas : |
| Otras características físicas |
retratos ; |
| Dimensiones |
23 cm. |
| 336 ## - TIPO DE CONTENIDO |
| Fuente |
rdacontent |
| Término de tipo de contenido |
texto |
| Código de tipo de contenido |
txt |
| 337 ## - TIPO DE MEDIO |
| Fuente |
rdamedia |
| Nombre/término del tipo de medio |
sin mediación |
| Código del tipo de medio |
n |
| 338 ## - TIPO DE SOPORTE |
| Fuente |
rdacarrier |
| Nombre/término del tipo de soporte |
volumen |
| Código del tipo de soporte |
nc |
| 490 ## - MENCIÓN DE SERIE |
| Mención de serie |
Hombres de iglesia |
| Designación de volumen o secuencia |
18 |
| 500 ## - NOTA GENERAL |
| Nota general |
Incluye índice onomástico, geográfico y temático |
| 500 ## - NOTA GENERAL |
| Nota general |
Incluye referencias bibliográficas y notas al pie de las páginas |
| 505 0# - NOTA DE CONTENIDO CON FORMATO |
| Nota de contenido con formato |
Introducción -- |
| Título |
Abogado, viudo y padre de un arzobispo -- |
| -- |
Bibliografía -- |
| -- |
Siglas empleadas -- |
| -- |
Don Carlos Rafael Nouel Pierret: político, sacerdote e historiador -- |
| -- |
Carné de identidad del Can. Carlos Nouel Pierret 1833-1905 -- |
| -- |
Labor histórica pionera del P. Carlos Rafael Nouel -- |
| -- |
Defensor de los verdaderos restos de Colón en Santo Domingo -- |
| -- |
La parálisis y la muerte de un hombre bueno -- |
| -- |
Marco histórico de la vida de Carlos Nouel -- |
| -- |
Selección de cartas y otros de documentos de Carlos Nouel Pierret 1833-1905 -- |
| -- |
Documentos biográficos 1833-1905 -- |
| -- |
Epistolario de Carlos Nouel con Fernando A. Meriño 1867-1903 -- |
| -- |
Escritos históricos del P. Carlos Nouel -- |
| -- |
Reseña histórica de la Masonería en Santo Domingo 1873 -- |
| -- |
Carta a Emiliano Tejera sobre los restos de Colón 20 de febrero 1878 -- |
| -- |
Advertencia a la obra de José Ma. Serra 16 de julio 1887 -- |
| -- |
Índice Onomástico. |
| 590 ## - NOTA LOCAL (RLIN) |
| Nota local |
Inventariado, 2024/BT |
| 600 14 - PUNTO DE ACCESO ADICIONAL DE MATERIA--NOMBRE DE PERSONA |
| Nombre de persona |
Nouel Pierret, CarlosRafael, |
| Fechas asociadas al nombre |
1833-1905 |
| Subdivisión general |
correspondencia, memorias, etc. |
| 9 (RLIN) |
33805 |
| 650 #4 - PUNTO DE ACCESO ADICIONAL DE MATERIA--TÉRMINO DE MATERIA |
| Término de materia o nombre geográfico como elemento de entrada |
Sacerdotes dominicanos |
| Subdivisión general |
Biografías |
| 9 (RLIN) |
33806 |
| 910 ## - DATOS DE OPCIÓN DEL USUARIO (OCLC) |
| Datos de opción del usuario |
Validado. Control de calidad. MMOLINA |
| 942 ## - ELEMENTOS DE PUNTO DE ACCESO ADICIONAL (KOHA) |
| Fuente del sistema de clasificación o colocación |
Dewey Decimal Classification |
| Tipo de ítem Koha |
Libro |